Vládny návrh zákona o správcoch a o zmene a doplnení niektorých zákonov

Podrobná bibliografia
Médium: Článok
Jazyk:slovenčina
ISSN:1335-6674
Predmet:

MARC

LEADER 00000nab a2200000 a 4500
001 vtls008934430
003 SK-MaSNL
005 20260304144045.0
008 250505c2004 xo mr|p|||||||000 b|slo
015 |a SNBRB2007/01  |2 snkbucl 
035 |a (uuid)cd496850-d867-4944-9bdb-7a18ebb5ef9c 
035 |a urn:nbn:sk:snk-ab2zpm 
035 |a (urnnbn)urn:nbn:sk:snk:ar-a049zw 
038 |a SNKBUCL 
040 |a SNKBUCL  |b slo  |c SNKBUCL  |e AACR2 
041 0 |a slo 
044 |a xo  |c SK 
080 |a 347.716  |2 1997 
080 |a 340.133  |2 1997 
245 0 0 |a Vládny návrh zákona o správcoch a o zmene a doplnení niektorých zákonov 
504 |a Bibliogr. odkazy 
650 0 7 |a zákon o správcoch  |x návrhy  |2 snkbucl  |9 1465357 
773 0 |t Obchodné právo  |g Roč. V., č. 8-9 (2004), s. 108-116  |x 1335-6674 
850 |a Slovenská národná knižnica 
852 |a Slovenská národná knižnica 
954 |a odborná, vedecká literatúra pôvodná (slovenská)  |2 lita 
958 |a article2022 
958 |a NB 
958 |a OND 
958 |a EUIPO 
999 |c 2929137  |d 2931067